Statistics for Top 100 Biggest Cities in Georgia

Click here to take the quiz!

General Stats

  • This quiz has been taken 79 times
  • The average score is 27 of 100

Answer Stats

PopulationCity% Correct
420,003Atlanta
100%
136,286Savannah
96%
91,351Macon
87%
115,452Athens
85%
195,844Augusta
78%
189,885Columbus
73%
57,551Alpharetta
64%
54,518Valdosta
64%
93,853Sandy Springs
62%
66,588Warner Robins
58%
56,579Marietta
58%
77,434Albany
53%
36,303Rome
53%
88,346Roswell
51%
33,804Gainesville
51%
15,383Brunswick
42%
28,422Statesboro
42%
19,335Decatur
42%
51,271Smyrna
42%
76,728Johns Creek
40%
29,783Kennesaw
40%
33,128Dalton
40%
26,600Duluth
36%
16,350Tifton
36%
46,267Dunwoody
35%
28,546Lawrenceville
33%
11,589Douglas
31%
33,437Hinesville
31%
15,650Calhoun
29%
33,039Newnan
29%
29,588LaGrange
29%
18,413Thomasville
29%
34,364Peachtree City
29%
14,649Waycross
29%
19,731Cartersville
29%
10,473Vidalia
27%
20,425Acworth
27%
15,195Conyers
27%
13,942College Park
27%
17,715Milledgeville
25%
23,643Griffin
25%
27,581Tucker
25%
13,118Covington
25%
30,961Douglasville
25%
24,388Carrollton
24%
17,041Americus
24%
12,225Buford
24%
33,712East Point
24%
11,147Cordele
24%
22,958Canton
22%
12,697Bainbridge
22%
13,839Perry
20%
15,945Fayetteville
20%
16,201Dublin
20%
9,734Vinings
20%
32,661Milton
20%
14,568Druid Hills
18%
18,242Snellville
18%
19,140Pooler
18%
14,099Winder
18%
22,084McDonough
18%
9,892Chamblee
16%
10,214Jesup
16%
11,596Lilburn
16%
14,268Moultrie
16%
18,468Forest Park
15%
10,631Scottdale
15%
13,234Monroe
15%
17,121St. Marys
13%
9,749Panthersville
13%
15,355Suwanee
13%
37,115Mableton
13%
15,946Kingsland
11%
40,456North Atlanta
11%
23,896Woodstock
11%
13,940Powder Springs
11%
29,011Evans
11%
19,456Union City
9%
18,947North Druid Hills
9%
11,267Cusseta
9%
15,134Riverdale
9%
12,743St. Simons
9%
13,956Villa Rica
9%
25,636Stockbridge
9%
12,950Fairburn
7%
15,491Lithia Springs
7%
35,795Martinez
5%
11,216Grovetown
5%
10,458Loganville
5%
15,152Belvedere Park
5%
9,815Fort Valley
5%
9,750Cedartown
5%
11,554Mountain Park
4%
11,544Dallas
4%
33,015Redan
4%
11,823Georgetown
4%
16,698North Decatur
4%
23,025Chandler-McAfee
2%
18,522Sugar Hills
2%
15,138Wilmington Island
2%

Score Distribution

Percentile by Number Answered

Percent of People with Each Score

Your Score History

You have not taken this quiz